Statistiques concernant Drapeaux d'Océanie quiz

Cliquez ici pour prendre le quiz!

Statistiques générales

  • Ce quiz a été pris 27 845 fois
  • Le résultat moyen est 11 sur 14

Statistiques - réponses

Réponse% Correct
Australie
99%
Nouvelle-Zélande
99%
Fidji
84%
Papouasie-Nouvelle- Guinée
80%
Tonga
79%
Palaos
78%
Micronésie
76%
Kiribati
71%
Îles Marshall
69%
Tuvalu
69%
Nauru
68%
Samoa
68%
Vanuatu
66%
Salomon
63%

Distribution des résultats

Percentile par nombre de réponses

% des personnes avec chaque résultat

Votre développement - résultats

Vous n’avez pas pris ce quiz